Language Quiz

Random Language or Spanish Quiz
Score 0/20 Timer 10:00
0 Plays Today
% Correct
Mosquito
92.5%
Anchoa
88.7%
El salmón
88.7%
Cucaracha
86.8%
Sardina
84.9%
Araña
83%
Pescado
81.1%
El pez
81.1%
El atún
75.5%
El tiburón
75.5%
% Correct
Mariposa
73.6%
Abeja
71.7%
Avispa
69.8%
Mosca
67.9%
Pulpo
58.5%
Hormiga
54.7%
Gusano
50.9%
Pulga
50.9%
Grillo
49.1%
El saltamontes
49.1%
Remove Ads.
Support Sporcle.
Get the best of Sporcle when you Go Orange. This ad-free experience offers more features, more stats, and more fun while also helping to support Sporcle. Thank you for becoming a member.

You're not logged in!

Compare scores with friends on all Sporcle quizzes.
OR
Log In

Show Comments

Extras

Top Quizzes Today


Score Distribution

Your Account Isn't Verified!

In order to create a playlist on Sporcle, you need to verify the email address you used during registration. Go to your Sporcle Settings to finish the process.

Report this User

Report this user for behavior that violates our Community Guidelines.

Details: